000 00304nam a2200121Ia 4500
008 191201s2005 xx 000 0 und d
100 _aGAYAKWAD, Ramakant
245 0 _aOp-Amps and Linear Integrated Circuits
260 _aN. Delhi
_bPHI
_c2005
300 _a640
650 _aB.Tech(ECE)
942 _2ddc
_cBK
999 _c6350
_d6350